| 000 | 00918nam a2200229 i 4500 | ||
|---|---|---|---|
| 001 | 12117 | ||
| 003 | ES-MaACL | ||
| 005 | 20230906150238.0 | ||
| 007 | t| | ||
| 008 | 970411m19911993po ab |||| |bspa d | ||
| 080 | _a929 Benito, Santo | ||
| 080 | _a271.11(091) | ||
| 100 | 1 |
_aLinage Conde, Antonio. _972322 |
|
| 245 | 1 | 0 |
_aSan Benito y los benedictinos / _cAntonio Linage Conde ; prólogo de José Orlandis. |
| 260 |
_aBraga : _bIrmandade de S. Bento da Porta Aberta, _c1991-1993. |
||
| 300 |
_a8 v. : _bil., mapas col. y n. ; _c24 cm. |
||
| 505 | 8 | _aContiene: 1. La Edad Media, 1 - 2. La Edad Media, 2 - 3. La Edad Moderna, 1 - 4. La Edad Moderna, 2 - 5. La Edad Contemporánea, 1 - 6. La Edad Contemporánea, 2 - 7 [1]. Índices - 7 [2]. Cartografía | |
| 600 | 0 | 4 |
_aBenito _cSanto. _927667 |
| 610 | 2 | 4 |
_aBenedictinos- _vHistoria. _9162036 |
| 700 | 1 |
_aOrlandis, José. _987279 |
|
| 852 |
_aES-MaACL _jL-19428-35 |
||
| 999 |
_c12117 _d12117 |
||